Những nguyên tắc cơ bản của luật tố tụng hình sự Việt Nam
সংরক্ষণ করুন:
| প্রধান লেখক: | |
|---|---|
| বিন্যাস: | গ্রন্থ |
| ভাষা: | Undetermined |
| প্রকাশিত: |
Hà Nội
Công an nhân dân
2000
|
| বিষয়গুলি: | |
| ট্যাগগুলো: |
ট্যাগ যুক্ত করুন
কোনো ট্যাগ নেই, প্রথমজন হিসাবে ট্যাগ করুন!
|
| Thư viện lưu trữ: | Trung tâm Học liệu Trường Đại học Cần Thơ |
|---|
| LEADER | 00670nam a2200217Ia 4500 | ||
|---|---|---|---|
| 001 | CTU_64443 | ||
| 008 | 210402s9999 xx 000 0 und d | ||
| 020 | |b 18000 | ||
| 082 | |a 345.59705 | ||
| 082 | |b S464 | ||
| 100 | |a Hoàng, Thị Sơn | ||
| 245 | 0 | |a Những nguyên tắc cơ bản của luật tố tụng hình sự Việt Nam | |
| 245 | 0 | |c Hoàng Thị Sơn, Bùi Kiên Điện | |
| 260 | |a Hà Nội | ||
| 260 | |b Công an nhân dân | ||
| 260 | |c 2000 | ||
| 650 | |a Criminal proceduce | ||
| 650 | |x Law | ||
| 650 | |z Vietnamese | ||
| 904 | |i Năm(Nguyênsửa) | ||
| 980 | |a Trung tâm Học liệu Trường Đại học Cần Thơ | ||